[Event "It (open)"]
[Site "masterchessopen.com - Wroclaw (Poland)"]
[Date "2008.06.24"]
[Round "5"]
[White "Markowski Piotr (POL)"]
[Black "Gluszko Tomasz (POL)"]
[Result "1/2-1/2"]
[WhiteElo "2145"]
[BlackElo "2193"]

1.c4 Nf6 2.Nc3 d5 3.cxd5 Nxd5 4.g3 g6 5.Bg2 Nxc3 6.bxc3 Bg7 7.h4 c6 8.h5 Qa5
9.Qb3 Na6 10.Qc4 Nc5 11.Bh3 f5 12.Rb1 Be6 13.Qb4 Qxb4 14.Rxb4 O-O-O 15.Rb2 Bd5
16.Rh2 {#d} 1/2-1/2

[Event "Memorial Dejan Zivic (cat.3)"]
[Site "masterchessopen.com - Nis (Serbia)"]
[Round "9"]
[White "Jovic Stanoje (SRB)"]
[Black "Napoli Nicolo' (ITA)"]
[Result "1/2-1/2"]
[WhiteElo "2296"]
[BlackElo "2263"]

1.c4 Nf6 2.Nc3 b6 3.e4 Bb7 4.Bd3 e6 5.Nge2 Na6 6.Bc2 e5 7.O-O Nc5 8.d4 exd4
9.Nxd4 d6 10.Re1 Be7 11.b3 {#d} 1/2-1/2

[Event "Ch Mexico"]
[Site "masterchessopen.com - Mexico City (Mexico)"]
[Date "2008.08.25"]
[Round "9"]
[White "Gonzalez Zamora Juan Carlo (MEX)"]
[Black "Hernandez Gilberto (MEX)"]
[Result "1/2-1/2"]
[WhiteElo "2568"]
[BlackElo "2549"]

1.c4 Nf6 2.Nc3 g6 3.g3 Bg7 4.Bg2 O-O 5.e3 c6 6.Nge2 d5 7.cxd5 cxd5 8.d4 Nc6
9.O-O e6 10.b3 b6 11.Bb2 Bb7 12.Qd2 Qd7 13.Rfd1 Rfd8 14.Nf4 Rac8 15.Rac1 Ba6
16.Nd3 Qb7 {#d} 1/2-1/2

[Event "It (a)"]
[Site "masterchessopen.com - Anapa (Russia)"]
[Date "2008.09.07"]
[Round "14"]
[White "Yarysh Grigorij (RUS)"]
[Black "Sergeev Albert (RUS)"]
[Result "1/2-1/2"]
[WhiteElo "2251"]
[BlackElo "2342"]

1.c4 Nf6 2.Nc3 g6 3.d3 Bg7 4.e4 d6 5.Nf3 O-O 6.g3 e5 7.Bg2 Nbd7 8.O-O c6 9.Bg5
h6 10.Bc1 Nc5 11.b4 Ne6 12.a3 {#d} 1/2-1/2

[Event "Ch European Union"]
[Site "masterchessopen.com - Liverpool (England)"]
[Date "2008.09.13"]
[Round "5"]
[White "Redmond John (IRL)"]
[Black "Kennaugh Charles (ENG)"]
[Result "1/2-1/2"]
[WhiteElo "2205"]
[BlackElo "2281"]

1.c4 Nf6 2.Nc3 g6 3.g3 Bg7 4.Bg2 d6 5.e4 e5 6.Nge2 O-O 7.d3 a6 8.O-O c6 9.h3
Nbd7 10.Bg5 h6 11.Be3 Qe7 12.Qd2 Kh7 13.f4 {#d} 1/2-1/2

[Event "Tournament (juniors) (under 15)"]
[Site "masterchessopen.com - Pila (Poland)"]
[Date "2008.09.22"]
[Round "5"]
[White "Wesolowski Edgar (POL)"]
[Black "Adamek Przemyslaw (POL)"]
[Result "1/2-1/2"]
[WhiteElo "1857"]
[BlackElo "1982"]

1.c4 Nf6 2.Nc3 c6 3.e4 e5 4.Nf3 Qa5 5.d4 Nxe4 6.Qd3 d5 7.Nxe5 Bb4 8.Bd2 Nxd2
9.Qxd2 O-O 10.cxd5 cxd5 11.Be2 Bf5 12.O-O f6 {#d} 1/2-1/2

[Event "Ch Hungary (team) 2008/09"]
[Site "masterchessopen.com - Hungary"]
[Date "2008.11.02"]
[Round "2"]
[White "Mate Laszlo (HUN)"]
[Black "Emodi Barnabas (HUN)"]
[Result "1/2-1/2"]
[WhiteElo "2356"]
[BlackElo "2362"]

1.c4 Nf6 2.Nc3 g6 3.g3 c6 4.Bg2 Bg7 5.e4 O-O 6.Nge2 e5 7.O-O d6 8.d4 exd4
9.Nxd4 Re8 10.Bf4 Ng4 11.Qd2 Ne5 12.b3 a6 13.Rac1 b5 {#d} 1/2-1/2

[Event "Tournament (c)"]
[Site "masterchessopen.com - Donostia (Spain)"]
[Date "2008.11.08"]
[Round "4"]
[White "Moreiro Sanchez Silvestre (ESP)"]
[Black "Arcelus Calamundi Inaki (ESP)"]
[Result "1/2-1/2"]
[WhiteElo "1544"]
[BlackElo "1514"]

1.c4 Nf6 2.Nc3 g6 3.g3 Bg7 4.Nf3 Nc6 5.Bg2 O-O 6.b3 d6 7.Bb2 Bg4 8.d4 Bxf3
9.Bxf3 e6 10.Rb1 Rb8 11.d5 exd5 12.Nxd5 Nxd5 13.Bxg7 Ne3 14.Qc1 {#d} 1/2-1/2

[Event "Ch Paulista"]
[Site "masterchessopen.com - Santos (Brazil)"]
[Date "2008.12.21"]
[Round "5"]
[White "Sega Carlos Alberto (BRA)"]
[Black "Matsuura Everaldo (BRA)"]
[Result "1/2-1/2"]
[WhiteElo "2285"]
[BlackElo "2469"]

1.c4 Nf6 2.Nc3 g6 3.g3 Bg7 4.Bg2 O-O 5.d3 c6 6.e4 d5 7.exd5 cxd5 8.cxd5 Na6
9.Nge2 Nb4 10.Nf4 g5 11.a3 Qa5 12.Bd2 gxf4 13.axb4 Qxb4 14.O-O fxg3 {#d}
1/2-1/2

[Event "Ch Kimry"]
[Site "masterchessopen.com - Kimry (Russia)"]
[Date "2009.01.03"]
[Round "3"]
[White "Presnyakov Semen (RUS)"]
[Black "Borzov Vladimir (RUS)"]
[Result "1/2-1/2"]
[WhiteElo "1992"]
[BlackElo "2038"]

1.c4 Nf6 2.Nc3 g6 3.g3 Bg7 4.Bg2 O-O 5.Nf3 c6 6.O-O d6 7.d3 Re8 8.Bg5 h6 9.Bd2
Bg4 10.h3 Bxf3 11.Bxf3 Nbd7 12.b4 Qc8 13.Bg2 Rb8 14.a4 e6 15.Re1 Qd8 16.Be3
{#d} 1/2-1/2

[Event "Memorial P.Dubinin (open)"]
[Site "masterchessopen.com - Nizhnij Novgorod (Russia)"]
[Date "2009.01.08"]
[Round "0"]
[White "Klimychev Vladimir (RUS)"]
[Black "Pristalov Evgeny (RUS)"]
[Result "0-1"]
[WhiteElo "2034"]
[BlackElo "1993"]

1.c4 Nf6 2.Nc3 d5 3.cxd5 Nxd5 4.g3 g6 5.Bg2 Nxc3 6.bxc3 Bg7 7.Rb1 O-O 8.Qb3
Nd7 9.d4 Nb6 10.Nf3 Be6 11.Qc2 Qd5 12.e4 Qxa2 13.Rb2 Qa6 {#R} 0-1

[Event "Ch Azerbaijan"]
[Site "masterchessopen.com - Baku (Azerbaijan)"]
[Date "2009.01.22"]
[Round "9"]
[White "Mirzoev Azer (AZE)"]
[Black "Babaev Rashad (AZE)"]
[Result "1/2-1/2"]
[WhiteElo "2559"]
[BlackElo "2535"]

1.c4 Nf6 2.Nc3 g6 3.Nf3 Bg7 4.g3 O-O 5.Bg2 d5 6.cxd5 Nxd5 7.O-O Nb6 8.d3 Nc6
9.a4 a5 10.Be3 e5 11.Rc1 Re8 12.Bxb6 cxb6 13.Nd2 Bh6 {#d} 1/2-1/2

[Event "Czech League 2008/09 (1st) East"]
[Site "masterchessopen.com - Czech Republic"]
[Date "2009.02.01"]
[Round "7"]
[White "Kubos Rostislav (CZE)"]
[Black "Vyskocil Neklan (CZE)"]
[Result "1/2-1/2"]
[WhiteElo "2207"]
[BlackElo "2347"]

1.c4 Nf6 2.Nc3 d5 3.cxd5 Nxd5 4.Nf3 g6 5.Qa4+ Bd7 6.Qh4 Nb6 7.d4 h6 8.e4 Bg7
9.Be2 Nc6 10.Be3 e5 11.Qxd8+ Rxd8 12.O-O-O exd4 13.Nxd4 Nxd4 14.Bxd4 O-O
15.Bxg7 {#d} 1/2-1/2

[Event "Tournament (Elo)"]
[Site "masterchessopen.com - Ekaterinburg (Russia)"]
[Date "2009.02.26"]
[Round "2"]
[White "Prahov G (RUS)"]
[Black "Gertsyk Nikolai (UKR)"]
[Result "1/2-1/2"]
[WhiteElo "2249"]
[BlackElo "2316"]

1.c4 Nf6 2.Nc3 g6 3.g3 Bg7 4.Bg2 c6 5.Nf3 O-O 6.O-O d5 7.d3 d4 8.Nb1 c5 9.a3
a5 10.Nbd2 Nc6 11.Ng5 Bf5 12.Nge4 Nxe4 13.Nxe4 Qb6 14.Bd2 {#d} 1/2-1/2

[Event "Memorial I.A.Bocharov (open)"]
[Site "masterchessopen.com - Borisoglebsk (Russia)"]
[Round "5"]
[White "Grigorian Vardan (ARM)"]
[Black "Surov Sergey (RUS)"]
[Result "1/2-1/2"]
[WhiteElo "2253"]
[BlackElo "2323"]

1.c4 Nf6 2.Nc3 Nc6 3.d4 e6 4.e4 d6 5.Nf3 Be7 6.h3 e5 7.d5 Nb8 8.Be3 Nbd7 9.Nd2
O-O 10.Be2 Ne8 11.Nf3 a5 12.O-O g6 13.Bh6 {#d} 1/2-1/2

[Event "Ch Hungary (team) 2008/09"]
[Site "masterchessopen.com - Hungary"]
[Date "2009.03.01"]
[Round "9"]
[White "Volosin Vladimir (HUN)"]
[Black "Kubacsny Laszlo (HUN)"]
[Result "1/2-1/2"]
[WhiteElo "2280"]
[BlackElo "2324"]

1.c4 Nf6 2.Nc3 g6 3.e4 d6 4.g3 Bg7 5.Bg2 O-O 6.Nge2 a6 7.O-O c6 8.a4 a5 9.d3
Na6 10.h3 Nb4 11.f4 e5 12.Be3 Nd7 13.Kh2 {#d} 1/2-1/2

[Event "Memorial V.Ciocaltea (cat.10)"]
[Site "masterchessopen.com - Bucharest (Romania)"]
[Date "2009.03.29"]
[Round "7"]
[White "Jianu Vlad-Cristian (ROM)"]
[Black "Shishkin Vadim (UKR)"]
[Result "1/2-1/2"]
[WhiteElo "2527"]
[BlackElo "2507"]

1.c4 Nf6 2.Nc3 d5 3.cxd5 Nxd5 4.g3 g6 5.Bg2 Nb6 6.d3 Bg7 7.Nf3 Nc6 8.O-O O-O
9.Be3 e5 10.Rb1 Nd4 11.Nd2 c6 12.b4 Be6 13.a4 Nd5 14.Bxd4 exd4 15.Nxd5 Bxd5
16.Qc2 {#d} 1/2-1/2

[Event "Memorial R.Nezhmetdinov (open)"]
[Site "masterchessopen.com - Kazan (Russia)"]
[Date "2009.06.02"]
[Round "3"]
[White "Gabdrakhmanov Rafail (RUS)"]
[Black "Yandemirov Valeri (RUS)"]
[Result "1/2-1/2"]
[WhiteElo "2373"]
[BlackElo "2504"]

1.c4 Nf6 2.Nc3 d5 3.cxd5 Nxd5 4.e4 Nxc3 5.dxc3 Qxd1+ 6.Kxd1 e5 7.Bc4 Bc5 8.Ke2
Ke7 9.Nf3 f6 10.Rd1 Be6 11.Bxe6 Kxe6 12.Rd5 Nd7 {#d} 1/2-1/2

[Event "It (open)"]
[Site "masterchessopen.com - Erbendorf (Germany)"]
[Date "2009.06.14"]
[Round "7"]
[White "Weigert Wilhelm (GER)"]
[Black "Schindler Viktor (GER)"]
[Result "1/2-1/2"]
[WhiteElo "2069"]
[BlackElo "2144"]

1.c4 Nf6 2.Nc3 d5 3.cxd5 Nxd5 4.g3 g6 5.Bg2 Nxc3 6.bxc3 Bg7 7.Rb1 Nc6 8.Qa4
O-O 9.Nf3 Qd5 10.O-O Qa5 11.Qxa5 Nxa5 12.Nd4 c5 13.Nb3 Nxb3 14.Rxb3 Rb8 15.d3
b6 16.c4 {#d} 1/2-1/2

[Event "It (open)"]
[Site "masterchessopen.com - Klatovy (Czech Republic)"]
[Round "0"]
[White "Skalny P"]
[Black "Koudelka M"]
[Result "1/2-1/2"]
[WhiteElo "1610"]
[BlackElo "1745"]

1.c4 Nf6 2.Nc3 c6 3.Nf3 d6 4.g3 e5 5.d3 Be7 6.Bg2 O-O 7.O-O Nbd7 8.Qc2 Nb6
9.b3 h6 10.Bb2 Qc7 11.d4 exd4 12.Nxd4 Bd7 13.Nf5 Bxf5 14.Qxf5 Qd7 15.Qf3 Qe6
16.Rad1 {#d} 1/2-1/2

[Event "Ch Vietnam (team)"]
[Site "masterchessopen.com - Nha Trang (Vietnam)"]
[Date "2009.08.28"]
[Round "9"]
[White "Nguyen Thanh Son (VIE)"]
[Black "Tu Hoang Thai (VIE)"]
[Result "1/2-1/2"]
[WhiteElo "2362"]
[BlackElo "2405"]

1.c4 Nf6 2.Nc3 d6 3.g3 e5 4.Bg2 Be7 5.d3 O-O 6.Nf3 c6 7.O-O a5 8.b3 Na6 9.Bb2
Re8 10.a3 Bf8 11.Qc2 Qc7 12.Nd2 h6 13.Nf3 Bg4 14.h3 Be6 15.Rad1 {#d} 1/2-1/2

[Event "Ch World (team) (w)"]
[Site "masterchessopen.com - Ningbo (China)"]
[Date "2009.09.09"]
[Round "7"]
[White "Harika Dronavalli (IND)"]
[Black "Tan Zhongyi (CHN)"]
[Result "1/2-1/2"]
[WhiteElo "2445"]
[BlackElo "2435"]

1.c4 Nf6 2.Nc3 g6 3.g3 Bg7 4.Bg2 c5 5.a3 Nc6 6.Rb1 a5 7.d3 O-O 8.e4 d6 9.Nge2
Ne8 10.Be3 Nd4 11.O-O a4 12.f4 Bg4 {#d} 1/2-1/2

[Event "It (a)"]
[Site "masterchessopen.com - Montigny le Bretonneux (France)"]
[Date "2009.10.27"]
[Round "4"]
[White "Baron Daniel (FRA)"]
[Black "Baron Romuald (FRA)"]
[Result "1/2-1/2"]
[WhiteElo "2104"]
[BlackElo "1998"]

1.c4 Nf6 2.Nc3 d5 3.cxd5 Nxd5 4.g3 e5 5.Bg2 c6 6.d4 Bb4 7.Bd2 exd4 8.Nxd5
Bxd2+ 9.Qxd2 cxd5 10.Qxd4 O-O 11.Qxd5 Qf6 12.Nf3 Qxb2 13.O-O Nc6 14.Rab1 Qxe2
15.Rfe1 {#d} 1/2-1/2

[Event "Ch City (1 league)"]
[Site "masterchessopen.com - Nizhnij Novgorod (Russia)"]
[Round "0"]
[White "Karmanova Marina (RUS)"]
[Black "Karasev Georgy (RUS)"]
[Result "1/2-1/2"]
[WhiteElo "1739"]
[BlackElo "1944"]

1.c4 Nf6 2.Nc3 d5 3.cxd5 Nxd5 4.g3 g6 5.Bg2 Nb6 6.Nf3 Bg7 7.O-O O-O 8.d3 Nc6
9.Be3 Nd5 10.Nxd5 Qxd5 11.Nd4 Qd6 12.Nxc6 bxc6 {#d} 1/2-1/2

[Event "Czech League 2009/10 (2nd) (d)"]
[Site "masterchessopen.com - Czech Republic"]
[Date "2009.11.22"]
[Round "3"]
[White "Zeinert Michal (CZE)"]
[Black "Pavlis Jaromir (CZE)"]
[Result "1-0"]
[WhiteElo "2152"]
[BlackElo "2102"]

1.c4 Nf6 2.Nc3 g6 3.g3 Bg7 4.Bg2 c6 5.e4 d6 6.Nge2 e5 7.O-O c5 8.d3 Nc6 9.f4
Bg4 10.h3 Bxe2 11.Nxe2 Nd4 12.Nxd4 cxd4 13.fxe5 dxe5 14.Bg5 h6 15.Bxf6 Bxf6
16.Qf3 {#r} 1-0

[Event "Ch Colombia (juniors) (under 18) (g)"]
[Site "masterchessopen.com - Medellin (Colombia)"]
[Date "2009.12.16"]
[Round "3"]
[White "Suarez Maria Alexandra (COL)"]
[Black "Vargas Diana Paola (COL)"]
[Result "1-0"]
[WhiteElo "1916"]
[BlackElo "1982"]

1.c4 Nf6 2.Nc3 g6 3.g3 Bg7 4.Bg2 d6 5.d3 O-O 6.e3 c6 7.Nge2 e5 8.Rb1 Bd7 9.b4
b5 10.cxb5 cxb5 11.Bxa8 Nc6 12.Bxc6 Bxc6 13.e4 {#r} 1-0

[Event "Ch City"]
[Site "masterchessopen.com - Gorodets (Russia)"]
[Date "2009.12.25"]
[Round "13"]
[White "Ulankov Andrey (RUS)"]
[Black "Kuznetsov Stanislav (RUS)"]
[Result "1-0"]
[WhiteElo "2024"]
[BlackElo "2150"]

1.c4 Nf6 2.Nc3 b6 3.Nf3 Bb7 4.g3 Bxf3 5.exf3 d5 6.cxd5 Nxd5 7.Qa4+ c6 8.Ba6
Nxc3 9.dxc3 b5 10.Qe4 Qb6 11.Bc8 e6 12.Bxe6 fxe6 13.Qxe6+ Be7 14.Bg5 Qc7
15.O-O-O Rf8 16.Rhe1 {#r} 1-0

[Event "Verbandsklasse B Muensterland 2009/10"]
[Site "masterchessopen.com - Germany"]
[Date "2010.04.24"]
[Round "9"]
[White "Teloeken Stefan"]
[Black "Waeltermann Thomas (GER)"]
[Result "1/2-1/2"]
[WhiteElo "1741"]
[BlackElo "1845"]

1.c4 Nf6 2.Nc3 g6 3.g3 Bg7 4.Bg2 c6 5.d4 d5 6.b3 O-O 7.e3 Re8 8.Nge2 e5 9.dxe5
Rxe5 10.cxd5 Nxd5 11.O-O Re8 12.Bb2 Bg4 13.Qb1 Nxc3 14.Nxc3 Qd2 15.Na4 Bxb2
{#d} 1/2-1/2

[Event "Memorial V.Kibizov (open)"]
[Site "masterchessopen.com - Cheliabinsk (Russia)"]
[Date "2010.06.29"]
[Round "6"]
[White "Gorbushin Maksim (RUS)"]
[Black "Panov Maksim (RUS)"]
[Result "1/2-1/2"]
[WhiteElo "2042"]
[BlackElo "1937"]

1.c4 Nf6 2.Nc3 g6 3.g3 Bg7 4.Bg2 O-O 5.e4 e5 6.Nge2 d6 7.O-O Ne8 8.f4 f5 9.d3
c6 10.Be3 Be6 11.Qd2 Nf6 12.Rae1 Nbd7 13.h3 a6 14.Kh2 b5 15.b3 {#d} 1/2-1/2

[Event "It (open)"]
[Site "masterchessopen.com - Dortmund (Germany)"]
[Date "2010.07.25"]
[Round "9"]
[White "Schorra Helmut (GER)"]
[Black "Thanabalasingam Ajandhan (GER)"]
[Result "1-0"]
[WhiteElo "2104"]
[BlackElo "2009"]

1.c4 Nf6 2.Nc3 g6 3.g3 d5 4.cxd5 Nxd5 5.Bg2 Nb6 6.Nf3 Bg7 7.O-O O-O 8.d3 e5
9.Bg5 f6 10.Be3 f5 11.Qd2 c6 12.Bh6 Qe7 13.Bxg7 Qxg7 14.a4 a5 15.Qc2 Na6
16.Qb3+ {#r} 1-0

[Event "It (cat.9)"]
[Site "masterchessopen.com - Tula (Russia)"]
[Date "2010.08.12"]
[Round "2"]
[White "Leonov Mikhail A (RUS)"]
[Black "Biriukov Ilja (RUS)"]
[Result "1/2-1/2"]
[WhiteElo "2268"]
[BlackElo "2285"]

1.c4 Nf6 2.Nc3 d5 3.cxd5 Nxd5 4.g3 g6 5.Bg2 Nb6 6.Nf3 Bg7 7.b3 O-O 8.Bb2 Nc6
9.Rc1 a5 10.h4 Bg4 11.d3 Nd5 12.Qd2 Nxc3 13.Bxc3 e5 14.O-O a4 15.b4 Re8 16.a3
{#d} 1/2-1/2

[Event "Cup Governor's (juniors)"]
[Site "masterchessopen.com - Satka (Russia)"]
[Date "2010.08.18"]
[Round "4"]
[White "Gorbushin Maksim (RUS)"]
[Black "Baigildin Albert (RUS)"]
[Result "1-0"]
[WhiteElo "2042"]
[BlackElo "2085"]

1.c4 Nf6 2.Nc3 d5 3.cxd5 Nxd5 4.g3 g6 5.Bg2 Nb6 6.Nf3 Bg7 7.O-O Nc6 8.d3 O-O
9.Be3 e5 10.Bg5 f6 11.Be3 Nd4 12.Bxd4 exd4 13.Nb5 f5 14.Qb3+ Rf7 15.a4 a6
16.Nxc7 {#r} 1-0

[Event "It (open)"]
[Site "masterchessopen.com - Brezova pod Bradlom (Czech Republic)"]
[Date "2010.08.24"]
[Round "3"]
[White "Rozarova Katarina (SVK)"]
[Black "Horvath Marek (SVK)"]
[Result "0-1"]
[WhiteElo "1581"]
[BlackElo "1820"]

1.c4 Nf6 2.Nc3 g6 3.g3 Bg7 4.Bg2 c6 5.e4 e5 6.Nge2 O-O 7.O-O d6 8.d4 Be6 9.b3
Qc8 10.f4 Bg4 11.h3 Bxh3 12.Bxh3 Qxh3 13.Kf2 exd4 14.Nxd4 Ng4+ 15.Ke2 Qg2+
16.Ke1 Qxg3+ {#R} 0-1

[Event "It (open)"]
[Site "masterchessopen.com - Iasi (Romania)"]
[Date "2010.08.24"]
[Round "8"]
[White "Ardelean George Catalin (ROM)"]
[Black "Danilov Vladimir"]
[Result "1/2-1/2"]
[WhiteElo "2514"]
[BlackElo "2429"]

1.c4 Nf6 2.Nc3 Nc6 3.g3 e6 4.Bg2 d5 5.cxd5 exd5 6.d4 Bb4 7.Bg5 h6 8.Bxf6 Qxf6
9.e3 Bxc3+ 10.bxc3 Ne7 11.Ne2 c6 12.Nf4 O-O 13.O-O Nf5 14.Nd3 Nd6 15.f3 {#d}
1/2-1/2

[Event "Ch Germany (seniors) (team)"]
[Site "masterchessopen.com - Eckernforde (Germany)"]
[Round "3"]
[White "Dornieden Manfred Dr (GER)"]
[Black "Schulze Ulrich (GER)"]
[Result "1/2-1/2"]
[WhiteElo "2231"]
[BlackElo "2332"]

1.c4 Nf6 2.Nc3 d5 3.cxd5 Nxd5 4.g3 Nxc3 5.bxc3 g6 6.Bg2 Bg7 7.Rb1 Nd7 8.Nf3
O-O 9.O-O Rb8 10.c4 e5 11.d3 b6 12.Bg5 Qe8 13.Qa4 Nc5 14.Qxe8 Rxe8 15.Nd2 Bb7
16.Be3 {#d} 1/2-1/2

[Event "Ch SibFO (seniors)"]
[Site "masterchessopen.com - Kiselevsk (Russia)"]
[Date "2010.10.17"]
[Round "9"]
[White "Gladkikh Ivan (RUS)"]
[Black "Emeljashin Jury (RUS)"]
[Result "1/2-1/2"]
[WhiteElo "2133"]
[BlackElo "2065"]

1.c4 Nf6 2.Nc3 g6 3.g3 Bg7 4.Bg2 e5 5.Nf3 Nc6 6.O-O O-O 7.d4 exd4 8.Nxd4 Nxd4
9.Qxd4 Re8 10.Bg5 h6 {#d} 1/2-1/2

[Event "Memorial M.Chigorin (open)"]
[Site "masterchessopen.com - St. Petersburg (Russia)"]
[Date "2010.11.03"]
[Round "7"]
[White "Khairullin Ildar (RUS)"]
[Black "Areshchenko Alexander (UKR)"]
[Result "1/2-1/2"]
[WhiteElo "2620"]
[BlackElo "2664"]

1.c4 Nf6 2.Nc3 d5 3.cxd5 Nxd5 4.g3 g6 5.Bg2 Nxc3 6.bxc3 Bg7 7.Rb1 Nd7 8.Nf3
O-O 9.O-O c5 10.d4 Nb6 11.e4 cxd4 12.cxd4 Bg4 13.Be3 {#d} 1/2-1/2

[Event "It (open)"]
[Site "masterchessopen.com - Bosnjaci (Croatia)"]
[Date "2011.01.07"]
[Round "7"]
[White "Kovacevic Blazimir (CRO)"]
[Black "Jovanovic Zoran (CRO)"]
[Result "1/2-1/2"]
[WhiteElo "2494"]
[BlackElo "2589"]

1.c4 Nf6 2.Nc3 d6 3.g3 g6 4.Bg2 Bg7 5.e3 O-O 6.Nge2 e5 7.O-O Nc6 8.d3 Re8 9.b3
Be6 10.e4 Qd7 {#d} 1/2-1/2

[Event "Czech League 2010/11 (krajsky prebor)"]
[Site "masterchessopen.com - Czech Republic"]
[Date "2011.01.16"]
[Round "6"]
[White "Pavlicek Miroslav (CZE)"]
[Black "Hradecky Ivo (CZE)"]
[Result "1-0"]
[WhiteElo "2073"]
[BlackElo "2100"]

1.c4 Nf6 2.Nc3 b6 3.e4 d6 4.d3 c5 5.e5 dxe5 6.Qf3 e4 7.Nxe4 Qc7 8.Nxf6+ gxf6
9.Qxa8 Nc6 10.g3 Kd7 11.Bf4 Bb7 12.Qxf8 Qxf4 13.gxf4 Rxf8 14.Bg2 {#r} 1-0

[Event "Memorial I.Bocharov (open)"]
[Site "masterchessopen.com - Borisoglebsk (Russia)"]
[Date "2011.04.02"]
[Round "4"]
[White "Bryakin Mikhail (RUS)"]
[Black "Surov Sergey (RUS)"]
[Result "1/2-1/2"]
[WhiteElo "2064"]
[BlackElo "2302"]

1.c4 Nf6 2.Nc3 Nc6 3.g3 e6 4.Bg2 Bb4 5.d4 d6 6.Qd3 O-O 7.a3 Bxc3+ 8.Qxc3 a5
9.b3 e5 10.d5 Nb8 11.e4 Nbd7 12.f3 Ne8 {#d} 1/2-1/2

[Event "Czech League 2010/11 (krajsky prebor)"]
[Site "masterchessopen.com - Czech Republic"]
[Date "2011.04.03"]
[Round "0"]
[White "Rehurek Jiri (CZE)"]
[Black "Fojtach Ivan (CZE)"]
[Result "1/2-1/2"]
[WhiteElo "1778"]
[BlackElo "1963"]

1.c4 Nf6 2.Nc3 g6 3.g3 Bg7 4.Bg2 O-O 5.Nf3 d5 6.cxd5 Nxd5 7.Nxd5 Qxd5 8.O-O
Bg4 9.h3 Be6 10.d3 Qd7 11.Kh2 Bd5 12.Qc2 Na6 13.Bd2 c5 14.a3 b6 {#d} 1/2-1/2

[Event "Tournament (open)"]
[Site "masterchessopen.com - Maringa (Brazil)"]
[Date "2011.07.02"]
[Round "5"]
[White "Toledo James Mann De"]
[Black "Utiyama Marcel Heimar Ribeiro (BRA)"]
[Result "1/2-1/2"]
[WhiteElo "2394"]
[BlackElo "2138"]

1.c4 Nf6 2.Nc3 d5 3.cxd5 Nxd5 4.g3 g6 5.Bg2 Nxc3 6.bxc3 Bg7 7.Rb1 Nc6 8.Nf3
O-O 9.O-O b6 10.d3 Bb7 11.Qa4 Na5 12.Qh4 e5 13.Bg5 f6 14.Bh6 c5 {#d} 1/2-1/2

[Event "Cup Artemis (open)"]
[Site "masterchessopen.com - Leros (Greece)"]
[Date "2011.07.19"]
[Round "9"]
[White "Mirzoev Azer (AZE)"]
[Black "Hunt Adam (ENG)"]
[Result "1/2-1/2"]
[WhiteElo "2468"]
[BlackElo "2437"]

1.c4 Nf6 2.Nc3 d5 3.cxd5 Nxd5 4.Nf3 g6 5.Qa4+ Bd7 6.Qh4 Bc6 7.Ne5 Bg7 8.Nxc6
Nxc6 9.e3 O-O 10.Be2 e5 11.Qxd8 Raxd8 12.a3 Nxc3 13.dxc3 {#d} 1/2-1/2

[Event "Memorial Kesarovski-Stanchev (open)"]
[Site "masterchessopen.com - Sunny Beach (Bulgaria)"]
[Date "2011.08.27"]
[Round "1"]
[White "Jiruse Josef (CZE)"]
[Black "Georgiev Krum (BUL)"]
[Result "0-1"]
[WhiteElo "2048"]
[BlackElo "2426"]

1.c4 Nf6 2.Nc3 g6 3.g3 Bg7 4.Bg2 O-O 5.Rb1 c6 6.e4 d5 7.exd5 cxd5 8.Nxd5 Nxd5
9.Bxd5 Nc6 10.Ne2 Ne5 11.d3 Qxd5 12.cxd5 Nf3+ 13.Kf1 Bh3# 0-1

[Event "It (open) \"]
[Site "masterchessopen.com - Tatranske Zruby (Slovakia)"]
[Date "2011.09.27"]
[Round "3"]
[White "Spurny Antonin"]
[Black "Valent Jan (SVK)"]
[Result "1-0"]
[WhiteElo "1938"]
[BlackElo "1813"]

1.c4 Nf6 2.Nc3 d5 3.cxd5 Nxd5 4.g3 Nxc3 5.bxc3 g6 6.Bg2 Bg7 7.Qb3 c6 8.Nf3 O-O
9.O-O Nd7 10.d4 Qb6 11.Qc2 Re8 12.Rb1 Qa5 13.Bd2 Qh5 14.e4 b5 15.Rfe1 {#r} 1-0